<?xml version="1.0" encoding="UTF-8"?><?xml-stylesheet type="text/xsl" href="static/style.xsl"?><OAI-PMH xmlns="http://www.openarchives.org/OAI/2.0/" xmlns:xsi="http://www.w3.org/2001/XMLSchema-instance" xsi:schemaLocation="http://www.openarchives.org/OAI/2.0/ http://www.openarchives.org/OAI/2.0/OAI-PMH.xsd"><responseDate>2026-04-17T15:41:18Z</responseDate><request verb="GetRecord" identifier="oai:www.recercat.cat:2117/174138" metadataPrefix="marc">https://recercat.cat/oai/request</request><GetRecord><record><header><identifier>oai:recercat.cat:2117/174138</identifier><datestamp>2025-07-22T23:00:09Z</datestamp><setSpec>com_2072_1033</setSpec><setSpec>col_2072_452951</setSpec></header><metadata><record xmlns="http://www.loc.gov/MARC21/slim" xmlns:dcterms="http://purl.org/dc/terms/" xmlns:xsi="http://www.w3.org/2001/XMLSchema-instance" xmlns:doc="http://www.lyncode.com/xoai" xsi:schemaLocation="http://www.loc.gov/MARC21/slim http://www.loc.gov/standards/marcxml/schema/MARC21slim.xsd">
   <leader>00925njm 22002777a 4500</leader>
   <datafield ind2=" " ind1=" " tag="042">
      <subfield code="a">dc</subfield>
   </datafield>
   <datafield ind2=" " ind1=" " tag="720">
      <subfield code="a">Jiménez Delgado, Luna</subfield>
      <subfield code="e">author</subfield>
   </datafield>
   <datafield ind2=" " ind1=" " tag="260">
      <subfield code="c">2019-11-07</subfield>
   </datafield>
   <datafield ind2=" " ind1=" " tag="520">
      <subfield code="a">El treball que es presenta a continuació es un Treball de Final de Grau en la modalitat Pràcticum, tracta&#xd;
sobre els treballs realitzats en l'empresa Vinclament, una enginyeria d'edificació que va obrir les seves&#xd;
portes al 2016.&#xd;
Les pràctiques s'han realitzat en el període comprés entre setembre de 2017 i setembre de 2019, amb&#xd;
una durada aproximada de dos anys.&#xd;
Durant aquest temps he pogut treballar en diferents projectes i realitzar diverses tasques relacionades&#xd;
amb ells.&#xd;
El contingut del meu TFG tracta sobre el funcionament de l'empresa, les feines desenvolupades i dos&#xd;
seguiments d'obra nova.&#xd;
La memòria del Pràcticum està estructurada de la següent manera:&#xd;
- Descripció de l'empresa i el seu funcionament intern.&#xd;
- Feines desenvolupades en l'empresa.&#xd;
- Seguiment de dues obres.&#xd;
- Conclusions, agraïments i annex.</subfield>
   </datafield>
   <datafield tag="653" ind2=" " ind1=" ">
      <subfield code="a">Àrees temàtiques de la UPC::Edificació::Gestió d'obres</subfield>
   </datafield>
   <datafield tag="653" ind2=" " ind1=" ">
      <subfield code="a">Housing, Single family</subfield>
   </datafield>
   <datafield tag="653" ind2=" " ind1=" ">
      <subfield code="a">Arquitectura -- Pràctica professional</subfield>
   </datafield>
   <datafield tag="653" ind2=" " ind1=" ">
      <subfield code="a">Habitatges unifamiliars</subfield>
   </datafield>
   <datafield tag="653" ind2=" " ind1=" ">
      <subfield code="a">Habitatges unifamiliars construccio</subfield>
   </datafield>
   <datafield ind2="0" ind1="0" tag="245">
      <subfield code="a">Pràcticum a l'Empresa Vinclament</subfield>
   </datafield>
</record></metadata></record></GetRecord></OAI-PMH>